Macintosh performa guía del usuario: incluye información relativa a la salud y a la configuración de los ordenadores macintosh performa serie 600

Sábháilte in:
Sonraí bibleagrafaíochta
Údar corparáideach: Apple Computer (Údar)
Formáid: LEABHAR
Teanga:Spáinnis
Foilsithe / Cruthaithe: Madrid Apple Computer España 1994
Ábhair:
Clibeanna: Cuir clib leis
Níl clibeanna ann, Bí ar an gcéad duine le clib a chur leis an taifead seo!

MARC

LEADER 00000nam a2200000 a 4500
001 UCS0843
003 CL-VaPUC
008 970428e19940000SP |||||||||||||||||spa|d
082 0 4 |a 005.369  |b APP  |2 21 
110 2 |a Apple Computer  |e author  |9 384677 
245 1 0 |a Macintosh performa guía del usuario: incluye información relativa a la salud y a la configuración de los ordenadores macintosh performa serie 600 
300 |a 109 p 
942 |c BK 
945 |d 19970428 00:00:00  |a amoreno 
260 |a Madrid  |b Apple Computer España  |c 1994 
650 0 |a Sistemas operativos   |9 260288 
650 0 |a Apple Macintosh  |9 384678 
583 |a last modification  |c 20170510 01:39:31  |k Rodrigo Vera 
999 |c 258992  |d 258990